[Event "Tourn. n9408"]
[Site "www.chess-mail.com"]
[Date "2017.10.25"]
[Round "1"]
[White "Geretree"]
[Black "Ditto"]
[WhiteElo "1970"]
[BlackElo "1830"]
[Result "1-0"]
[Round "1"]
1.e4 e5
2.Ng1f3 d6
3.Nb1c3 Bc8g4
4.h3 Bg4e6
5.b3 Ng8f6
6.Bc1a3 Bf8e7
7.Bf1c4 Be6xc4
8.bxc4 O-O
9.Nc3d5 Nf6xe4
10.d3 Ne4g5
11.Nf3xg5 Be7xg5
12.O-O Nb8c6
13.c3 Nc6b8
14.Qd1b3 b6
15.Ba3c1 Bg5h4
16.Bc1e3 Nb8c6
17.Ra1b1 Nc6b8
18.Nd5b4 Qd8d7
19.Rf1e1 Qd7f5
20.Qb3c2 a5
21.Nb4d5 Nb8a6
22.Qc2e2 Ra8c8
23.a4 Na6b8
24.d4 Nb8d7
25.c5 e4
26.Qe2g4 Qf5xd5
27.Qg4xh4 Nd7f6
28.cxb6 cxb6
29.Rb1xb6 Rc8xc3
30.Rb6b5 Qd5a8
31.Qh4g3 d5
32.Re1c1 Rc3a3
33.Rb5b6 Nf6e8
34.Qg3g4 Qa8d8
35.Rb6c6 Qd8e7
36.Be3g5 Qe7b4
37.Qg4d7 Ra3d3
38.Bg5e7 Qb4xd4
39.Be7xf8 Rd3d2
40.Bf8c5 Qd4e5
41.Rc6c8 h6
42.Rc8xe8 Qe5xe8
43.Qd7xe8 Kh7
44.Qe8xf7 Rd2a2
45.Bc5d4 Ra2xa4
46.Qf7xg7 { resign }
1-0

[Event "Tourn. n9568"]
[Site "www.chess-mail.com"]
[Date "2017.10.25"]
[Round "1"]
[White "Coolant"]
[Black "Apdash"]
[WhiteElo "2280"]
[BlackElo "2160"]
[Result "1/2-1/2"]
[Round "1"]
1.e4 c5
2.d4 cxd4
3.Ng1f3 d6
4.Qd1xd4 Nb8c6
5.Bf1b5 Bc8d7
6.Bb5xc6 bxc6
7.Nb1c3 e5
8.Qd4c4 Bf8e7
9.O-O Ng8f6
10.Bc1g5 Ra8b8
11.b3 O-O
12.Ra1d1 Nf6e8
13.Bg5e3 Qd8c7
14.Qc4a6 Rb8b7
15.Nf3d2 f5
16.f3 f4
17.Be3f2 g5
18.Nd2c4 g4
19.Nc4a5 Rb7b6
20.Bf2xb6 axb6
21.Na5c4 gxf3
22.gxf3 Bd7h3
23.Qa6xb6 Qc7c8
24.Rf1f2 Be7h4
25.Nc4xd6 Qc8e6
26.Nd6xe8 Rf8xe8
27.Rf2d2 Qe6g6
28.Kh1 Qg6h5
29.Rd1g1 Kh8
30.Rd2d3 Bh4g3
31.Qb6c7 Bh3f1
32.Rd3d2 Qh5xf3
33.Rd2g2 Bf1xg2
34.Rg1xg2 Qf3f1
35.Rg2g1 Qf1f3
36.Rg1g2 Qf3f1
{ draw }
1/2-1/2

[Event "Tourn. n9515"]
[Site "www.chess-mail.com"]
[Date "2017.10.25"]
[Round "1"]
[White "Cjood"]
[Black "Hundegana"]
[WhiteElo "1980"]
[BlackElo "2000"]
[Result "0-1"]
[Round "1"]
1.c4 f5
2.Nb1c3 e5
3.d4 e4
4.Bc1f4 d6
5.e3 g6
6.h4 h5
7.Bf4g5 Bf8e7
8.Bg5xe7 Ng8xe7
9.b4 a6
10.a4 Nb8c6
11.b5 axb5
12.cxb5 Nc6a5
13.Ng1e2 d5
14.Ne2f4 Qd8d6
15.f3 Na5c4
16.Bf1xc4 dxc4
17.fxe4 fxe4
18.Nc3xe4 Qd6b4
19.Ne4d2 c3
20.O-O cxd2
21.Rf1f2 Bc8g4
22.Qd1xd2 Qb4xd2
23.Rf2xd2 Rh8f8
24.Nf4d3 Ne7f5
25.Nd3f4 Kf7
26.e4 Nf5e3
27.Rd2f2 Kg7
28.g3 c6
29.bxc6 bxc6
30.e5 Ne3f5
31.Nf4e6 Kf7
 { time }
0-1

[Event "Tourn. n9500"]
[Site "www.chess-mail.com"]
[Date "2017.10.25"]
[Round "1"]
[White "Cjood"]
[Black "Hundegana"]
[WhiteElo "1900"]
[BlackElo "1950"]
[Result "0-1"]
[Round "1"]
1.Ng1f3 f5
2.d4 g6
3.b3 Bf8g7
4.Bc1b2 c5
5.e3 Nb8c6
6.c3 Ng8f6
7.dxc5 O-O
8.b4 d6
9.cxd6 Qd8xd6
10.Qd1xd6 exd6
11.Nb1d2 Bc8e6
12.Bf1c4 Be6xc4
13.Nd2xc4 Ra8d8
14.O-O b5
15.Nc4a3 a6
16.Na3c2 Nf6e4
17.Nc2d4 Nc6xd4
18.cxd4 h6
19.Ra1d1 Rd8c8
20.Nf3e1 Kh7
21.f3 Ne4f6
22.a3 Rf8e8
23.Kf2 d5
24.Ne1d3 Rc8c2
25.Kg1 Re8xe3
26.Rf1f2 Re3e2
27.Rf2xe2 Rc2xe2
28.Bb2c3 Re2c2
29.Rd1c1 Rc2xc1
30.Nd3xc1 Nf6d7
31.Nc1d3 Bg7f8
32.Nd3c5 Bf8xc5
33.bxc5 Kg7
34.c6 Nd7b6
35.Bc3a5 Nb6c8
36.Kf2 Kf7
37.Ke3 Ke6
38.c7 g5
39.g3 h5
40.h3 Nc8d6
41.Kd3 Kd7
 { time }
0-1

[Event "Tourn. n9574"]
[Site "www.chess-mail.com"]
[Date "2017.10.25"]
[Round "1"]
[White "Apdash"]
[Black "Orhany24"]
[WhiteElo "2180"]
[BlackElo "2130"]
[Result "1-0"]
[Round "1"]
1.e4 e5
2.Ng1f3 Nb8c6
3.Bf1b5 a6
4.Bb5a4 Ng8f6
5.d3 b5
6.Ba4b3 Bf8e7
7.O-O d6
8.a4 Bc8e6
9.axb5 axb5
10.Ra1xa8 Qd8xa8
11.Bb3xe6 fxe6
12.Nf3g5 Qa8c8
13.c3 O-O
14.Qd1b3 Nc6d8
15.Qb3xb5 c6
16.Qb5b3 h6
17.Ng5h3 Kh8
18.f4 exf4
19.Nh3xf4 d5
20.Nf4g6 Kh7
21.Ng6xf8 Be7xf8
22.e5 Nf6d7
23.d4 Bf8e7
24.Qb3c2 Kh8
25.Rf1f3 c5
26.Qc2g6 Nd7f8
27.Qg6h5 { resign }
1-0

[Event "Tourn. n9501"]
[Site "www.chess-mail.com"]
[Date "2017.10.25"]
[Round "1"]
[White "Panham"]
[Black "Falcoale"]
[WhiteElo "2220"]
[BlackElo "2020"]
[Result "1/2-1/2"]
[Round "1"]
1.e4 c5
2.Ng1f3 e6
3.d4 cxd4
4.Nf3xd4 a6
5.Bf1d3 Nb8c6
6.Bc1e3 Ng8f6
7.Nb1c3 Bf8b4
8.O-O O-O
9.Nc3e2 Bb4e7
10.a3 b5
11.Ne2c3 Bc8b7
12.e5 Nc6xe5
13.Bd3e2 Ra8c8
14.h3 Ne5c4
15.Be3c1 Nf6d5
16.Nc3xd5 Bb7xd5
17.Be2f3 Be7f6
18.Bf3xd5 exd5
19.b3 Nc4d6
20.f3 Qd8b6
21.Bc1b2 Nd6f5
22.c3 Nf5e3
23.Qd1d3 Ne3xf1
24.Kxf1 Qb6c7
25.Ra1d1 Qc7h2
26.Nd4f5 Rc8e8
27.Qd3xd5 Qh2c7
28.Qd5d3 Re8d8
29.Qd3e4 Qc7h2
30.Kf2 g6
31.Nf5g3 Rf8e8
32.Qe4g4 Bf6e5
33.f4 Be5c7
34.c4 Bc7b6
35.Rd1d4 Bb6xd4
36.Bb2xd4 bxc4
37.Bd4f6 Rd8c8
38.Qg4g5 cxb3
39.Qg5h6 Rc8c2
40.Kf3 Re8e3
41.Kxe3 Qh2g1
42.Kf3 Qg1d1
43.Ke3 Qd1e1
44.Kf3 Qe1d1
45.Ke3 Qd1e1
46.Kf3 Qe1d1
47.Ke3 
1/2-1/2

[Event "Tourn. n9560"]
[Site "www.chess-mail.com"]
[Date "2017.10.25"]
[Round "1"]
[White "Tonino1"]
[Black "Norlavuaram"]
[WhiteElo "2210"]
[BlackElo "2100"]
[Result "1-0"]
[Round "1"]
1.d4 Ng8f6
2.f4 d5
3.e3 e6
4.Bf1d3 c5
5.c3 Nb8c6
6.Ng1f3 a6
7.Nb1d2 b5
8.O-O Bc8b7
9.Nf3e5 Bf8d6
10.Qd1e2 c4
11.Bd3c2 b4
12.e4 O-O
13.Ne5xc6 Bb7xc6
14.e5 bxc3
15.bxc3 Bd6e7
16.exf6 Be7xf6
17.Nd2f3 Ra8b8
18.Bc1a3 Bf6e7
19.Ba3xe7 Qd8xe7
20.f5 Rb8b2
21.fxe6 fxe6
22.Bc2xh7 { resign }
1-0

[Event "Tourn. n9496"]
[Site "www.chess-mail.com"]
[Date "2017.10.25"]
[Round "1"]
[White "Numanoid"]
[Black "Seger"]
[WhiteElo "2420"]
[BlackElo "2690"]
[Result "0-1"]
[Round "1"]
1.d4 Ng8f6
2.c4 e6
3.Nb1c3 c5
4.d5 exd5
5.cxd5 d6
6.e4 g6
7.f4 Bf8g7
8.Bf1b5 Nf6d7
9.Bb5e2 O-O
10.Ng1f3 Nb8a6
11.O-O Na6c7
12.a4 Rf8e8
13.Nf3d2 Nd7f6
14.Be2f3 b6
15.Rf1e1 Bc8a6
16.Qd1c2 Nf6xd5
{ resign }
0-1

[Event "Match"]
[Site "www.echecsemail.com"]
[Date "2017.10.25"]
[Round "1"]
[White "Gidi5"]
[Black "Pinehill"]
[WhiteElo "2059"]
[BlackElo "2060"]
[Result "0-1"]
[Round "1"]
1.e4 d5
2.exd5 Ng8f6
3.d4 Qd8xd5
4.Nb1c3 Qd5a5
5.Ng1f3 Bc8g4
6.Bf1e2 c6
7.O-O e6
8.Bc1d2 Qa5b6
9.Nc3a4 Qb6c7
10.c4 Nb8d7
11.Ra1c1 Bf8d6
12.h3 h5
13.c5 Bd6f4
14.Bd2xf4 Qc7xf4
15.g3 Qf4h6
16.Kg2 Nf6d5
17.hxg4 hxg4
18.Nf3h4 g5
19.Rf1h1 gxh4
20.Rh1xh4 Nd5f4
21.Kg1 Nf4xe2
22.Kg2 Ne2f4
23.Kg1 Nf4h5
24.Rc1c3 f5
25.Rc3e3 O-O-O
26.Qd1e1 Rd8e8
27.Qe1a5 Kb8
28.Re3a3 Qh6c1
29.Kh2 Qc1f1
30.Qa5d2 Nd7f6
31.Qd2e3 Nf6e4
32.Na4c3 Ne4xf2
{ resign }
0-1

[Event "Match"]
[Site "www.echecsemail.com"]
[Date "2017.10.25"]
[Round "1"]
[White "Gidi5"]
[Black "Gimmyg"]
[WhiteElo "2059"]
[BlackElo "2480"]
[Result "0-1"]
[Round "1"]
1.e4 Nb8c6
2.d4 d5
3.e5 Bc8f5
4.c3 Qd8d7
5.Ng1f3 f6
6.Bf1b5 a6
7.Bb5d3 Bf5xd3
8.Qd1xd3 e6
9.O-O fxe5
10.dxe5 Ng8e7
11.Rf1e1 Ne7g6
12.h4 Bf8c5
13.Nb1d2 Qd7f7
14.Qd3f1 O-O
15.Nd2b3 Nc6xe5
16.Nb3xc5 Ne5xf3
17.gxf3 Ng6xh4
{ resign }
0-1

[Event "Match"]
[Site "www.echecsemail.com"]
[Date "2017.10.25"]
[Round "1"]
[White "Krystek23"]
[Black "Gidi5"]
[WhiteElo "2430"]
[BlackElo "2059"]
[Result "1-0"]
[Round "1"]
1.c4 Ng8f6
2.Nb1c3 e6
3.g3 d5
4.d4 Bf8e7
5.Bf1g2 O-O
6.Ng1f3 b6
7.Nf3e5 Bc8b7
8.O-O Nb8d7
9.Qd1a4 Nd7xe5
10.dxe5 Nf6g4
11.cxd5 Ng4xe5
12.d6 { resign }
1-0

[Event "Match"]
[Site "www.echecsemail.com"]
[Date "2017.10.25"]
[Round "1"]
[White "Guidom"]
[Black "Tonino1"]
[WhiteElo "2150"]
[BlackElo "2330"]
[Result "1/2-1/2"]
[Round "1"]
1.e4 d6
2.d4 Ng8f6
3.Bf1d3 g6
4.c3 Bf8g7
5.Ng1f3 O-O
6.Bc1g5 h6
7.Bg5h4 g5
8.Bh4g3 Nf6h5
9.O-O Nh5xg3
10.hxg3 e5
11.Nb1d2 Bc8g4
12.Qd1b3 Qd8c8
13.Ra1c1 Nb8d7
14.dxe5 dxe5
15.Nf3h2 Nd7c5
16.Qb3c2 Nc5xd3
17.Qc2xd3 Rf8d8
18.Qd3e3 Bg4e6
19.Nd2b3 Be6c4
20.Rf1d1 Bc4xb3
21.axb3 Rd8d7
22.Rd1xd7 Qc8xd7
23.Nh2f3 b6
24.Qe3e2 c5
25.Rc1d1 { draw }
1/2-1/2

[Event "Match"]
[Site "www.echecsemail.com"]
[Date "2017.10.25"]
[Round "1"]
[White "Jazzy"]
[Black "Gidi5"]
[WhiteElo "2240"]
[BlackElo "2549"]
[Result "0-1"]
[Round "1"]
1.Ng1f3 Ng8f6
2.d4 g6
3.Bc1d2 Bf8g7
4.Nb1c3 d5
5.g3 O-O
6.Qd1c1 Rf8e8
7.Bf1g2 b6
8.O-O Bc8b7
9.Bd2h6 Bg7h8
10.Nf3e5 Nb8d7
11.Qc1d2 c5
12.e3 Nf6e4
13.Nc3xe4 Nd7xe5
14.Ne4g5 Ne5g4
15.Ng5xf7 Kxf7
16.e4 dxe4
17.Qd2f4 Ng4f6
18.dxc5 e5
19.Qf4c1 bxc5
20.Rf1d1 Qd8e7
21.c4 Ra8d8
22.Qc1c2 Nf6g4
23.Bh6c1 Qe7f6
24.Bc1e3 Ng4xe3
25.fxe3 Qf6c6
26.Rd1f1 Bh8f6
27.Rf1f2 Kg7
28.Ra1f1 Re8f8
29.Rf2d2 Bf6g5
30.Rf1e1 Rd8xd2
31.Qc2xd2 Rf8d8
32.Qd2c3 Qc6d6
33.Qc3b3 Bb7c6
34.h4 Qd6d2
35.Qb3c3 Qd2xc3
36.bxc3 Bg5h6
{ resign }
0-1

[Event "Match"]
[Site "www.echecsemail.com"]
[Date "2017.10.25"]
[Round "1"]
[White "Gidi5"]
[Black "Apdash"]
[WhiteElo "2549"]
[BlackElo "2260"]
[Result "0-1"]
[Round "1"]
1.e4 c5
2.Ng1f3 d6
3.d4 cxd4
4.Nf3xd4 Ng8f6
5.Nb1c3 Nb8c6
6.Nd4xc6 bxc6
7.Bf1e2 a5
8.O-O Bc8b7
9.Bc1e3 g6
10.Qd1d2 Bf8g7
11.Be3h6 O-O
12.Bh6xg7 Kxg7
13.Ra1d1 Qd8c7
14.Qd2e3 a4
15.f4 e6
16.g4 Bb7a6
17.Be2xa6 Ra8xa6
18.g5 Nf6g4
19.Qe3d4 e5
20.Qd4d3 Qc7b6
21.Kh1 Ng4e3
22.Qd3xd6 exf4
23.Qd6f6 Kg8
24.Rf1xf4 Ne3xd1
25.Nc3xd1 Qb6d8
26.Qf6xd8 Rf8xd8
27.Nd1e3 Rd8d2
28.Ne3g4 Ra6a7
29.Rf4f2 Rd2xf2
30.Ng4xf2 Ra7e7
31.Nf2g4 Kg7
32.Ng4f6 Re7b7
33.b3 axb3
34.axb3 Rb7a7
35.Nf6e8 Kf8
36.Ne8d6 Ra7a1
37.Kg2 Ra1c1
38.c4 Rc1b1
{ resign }
0-1

[Event "Match"]
[Site "www.echecsemail.com"]
[Date "2017.10.25"]
[Round "1"]
[White "Whitekknight"]
[Black "Cjood"]
[WhiteElo "1920"]
[BlackElo "2010"]
[Result "1-0"]
[Round "1"]
1.e4 b6
2.d4 e6
3.Nb1c3 Bc8b7
4.Bf1d3 g6
5.Bc1e3 Bf8g7
6.Ng1f3 d6
7.O-O Ng8f6
8.a3 Nb8d7
9.Rf1e1 h5
10.Nf3g5 h4
11.h3 e5
12.d5 a6
13.b4 b5
14.Ng5f3 Nf6h7
15.Qd1d2 c6
16.dxc6 Bb7xc6
17.Nc3d5 Bc6xd5
18.exd5 f5
19.Nf3d4 e4
20.Nd4e6 Qd8e7
21.Bd3f1 Bg7xa1
22.Re1xa1 Ra8c8
23.Be3d4 Rh8g8
24.Ra1c1 Nh7f6
25.Qd2g5 Nf6xd5
26.Qg5xe7 Kxe7
27.Ne6g5 f4
28.Ng5xe4  { time }
1-0

[Event "Match"]
[Site "www.echecsemail.com"]
[Date "2017.10.25"]
[Round "1"]
[White "Cjood"]
[Black "Irene"]
[WhiteElo "1860"]
[BlackElo "2130"]
[Result "0-1"]
[Round "1"]
1.e4 e5
2.Ng1f3 d6
3.Bf1c4 a6
4.d4 Nb8c6
5.dxe5 Nc6xe5
6.Nf3xe5 dxe5
7.Qd1xd8 Kxd8
8.Bc4xf7 Ng8f6
9.Bc1g5 h6
10.Bg5h4 Bf8b4
11.c3 Bb4c5
12.O-O c6
13.Rf1d1 Kc7
14.b4 Bc5d6
15.Bh4xf6 gxf6
16.a4 Bc8d7
17.Nb1a3 Bd7g4
18.f3 Bg4d7
19.Na3c4 Bd6e7
20.a5 Rh8h7
21.Bf7g6 Rh7g7
22.Bg6h5 f5
23.Nc4xe5 Bd7e6
24.exf5 Be6xf5
25.Bh5g4 Bf5xg4
26.Ne5xg4 h5
27.Ng4e5 Be7f6
28.f4 Ra8e8
29.Rd1e1 Bf6xe5
30.Re1xe5 Re8xe5
31.fxe5 Kd7
32.Ra1e1 Ke6
33.h3 Rg7g5
34.Re1e3 Rg5xe5
35.Re3xe5 Kxe5
 { time }
0-1

[Event "Match"]
[Site "www.echecsemail.com"]
[Date "2017.10.25"]
[Round "1"]
[White "Cjood"]
[Black "Hundegana"]
[WhiteElo "1860"]
[BlackElo "1990"]
[Result "0-1"]
[Round "1"]
1.e4 c5
2.Ng1f3 b6
3.d4 cxd4
4.Qd1xd4 Bc8b7
5.Bf1c4 e6
6.Nb1c3 Nb8c6
7.Qd4d2 Bf8b4
8.O-O Ng8f6
9.a3 Bb4xc3
10.Qd2xc3 O-O
11.Nf3e5 Nc6xe5
12.Qc3xe5 d6
13.Qe5g3 Nf6xe4
14.Qg3g4 Ne4f6
15.Qg4e2 Ra8c8
16.Bc1g5 h6
17.Bg5h4 g5
18.Bh4g3 Nf6e4
19.Ra1d1 Ne4xg3
20.fxg3 d5
21.Bc4b3 Qd8d6
22.Rf1f2 Rc8c7
23.Qe2g4 f5
24.Qg4h5 Kg7
25.Rf2d2 a5
26.Qh5e2 Kg6
27.Rd2d3 b5
28.Rd3e3 Rf8f6
29.Qe2xb5 Qd6c5
30.Qb5xc5 Rc7xc5
31.Rd1e1 Kf7
32.h4 g4
33.Re3e5 h5
34.Re1e2 Bb7a6
35.Re2e1 Ba6b5
36.a4 Bb5d7
37.c4 Bd7c6
38.cxd5 Bc6xd5
39.Bb3xd5 Rc5xd5
40.Re5xd5 exd5
41.Re1c1 Rf6a6
42.Rc1c7 Kf6
43.Rc7b7 d4
44.Kf2 Ra6d6
45.Ke2 d3
46.Kd2 Ke5
47.Rb7b5 Ke4
48.Rb5xa5 Rd6b6
49.Ra5b5 Rb6c6
50.Rb5b4 Ke5
51.Kxd3 Rc6c1
52.Ke2 Rc1c2
53.Kf1 Rc2c1
54.Kf2 Rc1c2
55.Kg1 Rc2c1
56.Kh2 Rc1c2
57.a5 Rc2c1
58.Rb4a4 Rc1c8
59.a6 Rc8a8
60.b4 f4
 { time }
0-1

[Event "Match"]
[Site "www.echecsemail.com"]
[Date "2017.10.25"]
[Round "1"]
[White "Billyg"]
[Black "Apdash"]
[WhiteElo "1770"]
[BlackElo "2150"]
[Result "0-1"]
[Round "1"]
1.e4 c5
2.d4 cxd4
3.Qd1xd4 Nb8c6
4.Qd4e3 d6
5.Bc1d2 Ng8f6
6.h3 g6
7.Bf1b5 Bf8g7
8.Nb1a3 O-O
9.O-O-O a6
10.Bb5c4 b5
11.Bc4b3 b4
12.Bd2xb4 Nc6xb4
13.Kb1 Qd8c7
14.Ng1f3 Bc8d7
15.c3 Nb4c6
16.Nf3g5 h6
17.Ng5f3 a5
18.Na3b5 Qc7b7
19.Rh1e1 Qb7xb5
20.c4 Qb5b4
21.Nf3d4 Nc6xd4
22.Rd1xd4 a4
23.c5 Qb4xc5
24.Re1c1 Qc5b6
25.Bb3d5 Nf6xd5
26.Rd4xd5 Qb6xb2
{ resign }
0-1

[Event "1/64 Finale"]
[Site "www.chess-mail.com"]
[Date "2017.10.25"]
[Round "1"]
[White "Guidom"]
[Black "Cristiano"]
[WhiteElo "2150"]
[BlackElo "1710"]
[Result "1-0"]
[Round "1"]
1.e4 e5
2.Ng1f3 Nb8c6
3.Bf1b5 a6
4.Bb5a4 f5
5.exf5 e4
6.Nf3g1 Ng8f6
7.Ng1e2 d5
8.Ne2g3 Bf8d6
9.O-O O-O
10.Ba4xc6 bxc6
11.d3 Bd6xg3
12.fxg3 Qd8e7
13.Bc1g5 Qe7d6
14.Bg5f4 Qd6c5
15.d4 Qc5e7
16.Bf4e5 c5
17.Be5xf6 Rf8xf6
18.c3 cxd4
19.Qd1xd4 Qe7d6
20.Nb1d2 c5
21.Qd4e3 Bc8xf5
22.Nd2b3 Ra8c8
23.Ra1d1 Rf6f7
24.Rd1d2 Bf5g6
25.Rf1xf7 Kxf7
26.Rd2f2 Kg8
27.h3 Qd6c7
28.Kh2 a5
29.Qe3g5 Rc8d8
30.Nb3xc5 Rd8e8
31.Qg5xd5 Kh8
32.Nc5xe4 h6
33.Ne4d2 Qc7a7
34.Qd5d4 Qa7b7
35.Nd2b3 Qb7a6
36.Qd4g4 Kh7
37.Nb3d4 a4
38.a3 Re8e4
39.Qg4d7 Re4e1
40.Qd7b5 Qa6a8
41.Nd4f3 Bg6e8
42.Qb5f5 Be8g6
43.Qf5g4 Re1e8
44.Nf3h4 Qa8a6
45.Nh4xg6 Qa6xg6
46.Qg4xg6 Kxg6
47.c4 Re8c8
48.Rf2c2 Rc8c5
49.Rc2c3 Kf5
50.Kg1 g5
51.Kf2 Ke4
52.Ke2 Kd4
53.Kd2 Rc5xc4
54.Rc3xc4 Kxc4
55.Kc2 h5
56.Kc1 Kd3
57.Kd1 h4
58.g4 Ke3
59.Ke1 Kd3
60.Kd1 Ke3
61.b4 axb3
62.a4 Kd4
63.Kc1 Kc5
64.Kb2 Kb4
65.a5 Kxa5
66.Kxb3 Kb5
67.Kc3 Kc5
68.Kd3 Kd5
69.Ke3 Ke5
70.Kf3 Kd4
71.g3 hxg3
72.Kxg3 Ke5
73.h4 gxh4
74.Kxh4 Kf6
75.Kh5 Kg7
76.Kg5 Kh7
77.Kf6 Kg8
78.Kg6 Kh8
79.Kf7 Kh7
80.g5 Kh8
81.Kf6 Kg8
82.Kg6 Kh8
83.Kf7 { resign }
1-0

[Event "Fast Game"]
[Site "www.echecsemail.com"]
[Date "2017.10.25"]
[Round "1"]
[White "Tonino1"]
[Black "Add"]
[WhiteElo "1909"]
[BlackElo "1920"]
[Result "1/2-1/2"]
[Round "1"]
1.d4 d5
2.f4 Ng8f6
3.e3 a6
4.Bf1d3 e6
5.Ng1f3 Nb8c6
6.c3 h6
7.O-O Bf8e7
8.Nb1d2 O-O
9.Nf3e5 Bc8d7
10.Ne5xd7 Qd8xd7
11.e4 dxe4
12.Nd2xe4 Nf6xe4
13.Bd3xe4 f5
14.Be4f3 Be7f6
15.Qd1e2 Ra8b8
16.Bc1e3 Nc6e7
17.Rf1d1 Ne7d5
18.g3 Nd5xe3
19.Qe2xe3 c6
20.Rd1e1 Rf8e8
21.Ra1d1 g6
22.Qe3f2 h5
23.c4 Qd7c7
24.b3 Rb8d8
25.d5 cxd5
26.cxd5 exd5
27.Bf3xd5 Kg7
28.Re1xe8 Rd8xe8
29.Qf2f3 Qc7c5
30.Kg2 Qc5c2
31.Kh3 b5
32.a4 bxa4
33.bxa4 Qc2c5
34.Bd5c6 Re8e7
35.Qf3d5 Qc5e3
36.Qd5f3 Qe3c5
37.Qf3d5 Qc5e3
{ draw }
1/2-1/2

[Event "Tourn. n9558"]
[Site "www.chess-mail.com"]
[Date "2017.10.26"]
[Round "1"]
[White "Dussek"]
[Black "Pachi"]
[WhiteElo "1800"]
[BlackElo "1640"]
[Result "1-0"]
[Round "1"]
1.c4 c6
2.Nb1c3 g6
3.Ng1f3 Bf8g7
4.g3 Bg7xc3
5.bxc3 d5
6.Bf1g2 dxc4
7.O-O Nb8d7
8.d4 cxd3
9.Qd1xd3 f6
10.Bc1a3 Qd8a5
11.Ba3b4 Qa5h5
12.Nf3d4 Nd7e5
13.Qd3c2 Ne5g4
14.Nd4f3 b6
15.Ra1d1 c5
16.Bb4a3 Bc8b7
17.Qc2d3 f5
18.Qd3d7 Kf7
19.Qd7xb7 Ng8f6
20.h3 Rh8b8
21.hxg4 fxg4
22.Qb7c7 gxf3
23.Bg2xf3 Qh5f5
24.Bf3xa8 Nf6g4
25.Ba8d5 Kf6
26.c4 Qf5h5
27.Ba3b2 e5
28.Qc7f7 Kg5
29.Bb2c1 Ng4e3
30.Bc1xe3 Kg4
31.Bd5f3 { resign }
1-0

[Event "Tourn. n9490"]
[Site "www.chess-mail.com"]
[Date "2017.10.26"]
[Round "1"]
[White "Ditto"]
[Black "Caspito"]
[WhiteElo "1870"]
[BlackElo "1900"]
[Result "0-1"]
[Round "1"]
1.d4 g6
2.c4 Ng8f6
3.Ng1f3 c6
4.Bc1g5 Bf8g7
5.e3 Nf6e4
6.Bf1d3 d5
7.O-O Bc8g4
8.h3 Bg4xf3
9.Qd1xf3 Ne4xg5
10.Qf3d1 O-O
11.Nb1c3 Nb8a6
12.c5 Ra8b8
13.a3 Qd8d7
14.Bd3e2 Ng5xh3
15.gxh3 Qd7xh3
16.Be2g4 Qh3h4
17.Qd1f3 b6
18.cxb6 Rb8xb6
19.Ra1b1 Na6c7
20.Kg2 Qh4g5
21.Rf1g1 f5
22.Kf1 fxg4
23.Qf3xg4 Qg5xg4
24.Rg1xg4 c5
25.Nc3a4 Rb6b3
26.Na4xc5 Rb3b5
27.b4 a5
28.Ke2 axb4
29.axb4 e5
30.Nc5d7 Rf8e8
31.dxe5 Bg7xe5
32.Nd7c5 Kg7
33.Nc5d7 Be5d6
34.Rg4f4 Bd6xf4
35.Rb1b3 Bf4d6
36.Kf3 Rb5xb4
37.Rb3c3 g5
38.Ke2 h5
39.Kf3 g4
40.Ke2 d4
41.Rc3c6 dxe3
42.fxe3 Nc7b5
43.Kf2 h4
44.Nd7b6 Rb4b2
{ resign }
0-1

[Event "Tourn. n9460"]
[Site "www.chess-mail.com"]
[Date "2017.10.26"]
[Round "1"]
[White "Conde7"]
[Black "Numanoid"]
[WhiteElo "2850"]
[BlackElo "2440"]
[Result "1-0"]
[Round "1"]
1.e4 e6
2.d4 d5
3.Nb1d2 c5
4.Ng1f3 cxd4
5.exd5 Qd8xd5
6.Bf1c4 Qd5d6
7.O-O Ng8f6
8.Nd2b3 Nb8c6
9.Nb3xd4 Nc6xd4
10.Qd1xd4 Qd6xd4
11.Nf3xd4 Bc8d7
12.c3 Ra8c8
13.Bc4e2 Bf8c5
14.Nd4b3 Bc5b6
15.a4 a6
16.Bc1f4 O-O
17.a5 Bb6a7
18.Rf1d1 Rf8d8
19.Be2f3 Bd7c6
20.Rd1xd8 Rc8xd8
21.Bf3xc6 bxc6
22.Bf4c7 { resign }
1-0

[Event "Tourn. n9492"]
[Site "www.chess-mail.com"]
[Date "2017.10.26"]
[Round "1"]
[White "Piriot"]
[Black "Ejner"]
[WhiteElo "2470"]
[BlackElo "2370"]
[Result "1-0"]
[Round "1"]
1.e4 e6
2.d4 d5
3.Nb1d2 Ng8f6
4.e5 Nf6d7
5.f4 c5
6.c3 Nb8c6
7.Ng1f3 Qd8b6
8.Nd2b3 a5
9.a4 cxd4
10.cxd4 Bf8b4
11.Kf2 Nd7b8
12.Bf1b5 Bc8d7
13.Bc1d2 O-O
14.Bd2c3 Rf8c8
15.Qd1d3 Nb8a6
16.Nf3g5 g6
17.h4 h6
18.h5 hxg5
19.hxg6 Kf8
20.gxf7 Ke7
21.Qd3g6 { resign }
1-0

[Event "Tourn. n9574"]
[Site "www.chess-mail.com"]
[Date "2017.10.26"]
[Round "1"]
[White "Orhany24"]
[Black "Luban"]
[WhiteElo "2130"]
[BlackElo "2130"]
[Result "0-1"]
[Round "1"]
1.e4 c5
2.Ng1f3 d6
3.d4 cxd4
4.Nf3xd4 Ng8f6
5.Bf1d3 e6
6.c4 Bc8d7
7.O-O Nb8c6
8.Nd4xc6 Bd7xc6
9.Nb1c3 Bf8e7
10.h3 O-O
11.Bc1e3 Qd8c7
12.Ra1c1 Ra8c8
13.f4 a6
14.a3 Rf8d8
15.Qd1e2 Qc7b8
16.Kh1 d5
17.cxd5 exd5
18.exd5 Nf6xd5
19.Nc3xd5 Bc6xd5
20.Be3b6 Rd8e8
21.Bd3xh7 Kxh7
22.Qe2h5 Kg8
23.Qh5xd5 Be7f6
24.Qd5b3 Rc8xc1
25.Rf1xc1 Qb8xf4
{ resign }
0-1

[Event "Tourn. n9572"]
[Site "www.chess-mail.com"]
[Date "2017.10.26"]
[Round "1"]
[White "Apdash"]
[Black "Tonino1"]
[WhiteElo "2210"]
[BlackElo "2300"]
[Result "1/2-1/2"]
[Round "1"]
1.e4 d6
2.f4 g6
3.Bf1c4 Ng8f6
4.Nb1c3 Bf8g7
5.d4 O-O
6.Ng1f3 c6
7.O-O b5
8.Bc4d3 Qd8c7
9.f5 b4
10.Nc3e2 Bc8a6
11.fxg6 hxg6
12.c4 bxc3
13.bxc3 Ba6xd3
14.Qd1xd3 e5
15.h3 Nb8d7
16.Bc1a3 Rf8e8
17.dxe5 Nd7xe5
18.Qd3xd6 Qc7xd6
19.Ba3xd6 Nf6xe4
20.Bd6xe5 Bg7xe5
21.Nf3xe5 Re8xe5
22.Ra1b1 Ne4d2
23.Ne2d4 Nd2xf1
24.Rb1xf1 Re5c5
25.Rf1f3 Ra8b8
26.Nd4b3 Rc5d5
27.Rf3f6 c5
28.Rf6c6 a5
29.Nb3xa5 Rb8b2
30.Na5b3 Rb2xa2
31.Rc6xc5 Rd5xc5
32.Nb3xc5 Ra2a3
33.Nc5e4 f5
34.Ne4f6 Kf7
35.Nf6d5 Ke6
36.Nd5f4 Kf6
37.Nf4e2 Ke5
38.Kf2 Ke4
39.g3 Kd3
40.Ne2f4 Kxc3
41.Nf4xg6 Kd4
42.g4 Ra3xh3
43.gxf5 Rh3h5
44.Kg3 Rh5xf5
45.Ng6h4 Rf5f1
46.Kg2 Rf1f8
47.Kg3 Ke3
48.Nh4g2 Ke4
49.Ng2h4 Rf8g8
50.Kf2 Rg8g7
51.Nh4g2 Rg7g4
52.Ng2e1 Rg4f4
53.Kg3 Rf4f1
54.Ne1g2 Rf1f8
55.Ng2e1 Ke3
56.Ne1g2 Ke2
57.Ng2f4 { draw }
1/2-1/2

[Event "Tourn. n9551"]
[Site "www.chess-mail.com"]
[Date "2017.10.26"]
[Round "1"]
[White "Bojan"]
[Black "Norlavuaram"]
[WhiteElo "2040"]
[BlackElo "2110"]
[Result "0-1"]
[Round "1"]
1.e4 e5
2.b3 Ng8f6
3.Ng1f3 Nb8c6
4.d3 Bf8c5
5.h3 O-O
6.c3 d5
7.Qd1e2 d4
8.Bc1g5 dxc3
9.Nb1xc3 Nc6d4
10.Nc3d5 Nd4xe2
11.Bf1xe2 c6
12.Nd5xf6 gxf6
13.Bg5h6 Rf8e8
14.O-O Bc8e6
15.Ra1c1 Bc5a3
16.Rc1c2 a5
17.Nf3h2 Ba3f8
18.Bh6e3 Qd8c7
19.h4 a4
20.bxa4 Ra8xa4
21.Rf1a1 Re8a8
22.Nh2g4 Bf8e7
23.Rc2b2 Ra4xa2
24.Ra1xa2 Ra8xa2
25.Rb2xa2 Be6xa2
{ resign }
0-1

[Event "Tourn. n9479"]
[Site "www.chess-mail.com"]
[Date "2017.10.26"]
[Round "1"]
[White "Dussek"]
[Black "Vios"]
[WhiteElo "1890"]
[BlackElo "1749"]
[Result "0-1"]
[Round "1"]
1.d4 Ng8f6
2.Bc1g5 Nf6e4
3.Bg5f4 c5
4.e3 Qd8b6
5.Qd1c1 cxd4
6.Bf1d3 e5
7.Bf4xe5 Qb6a5
8.Nb1d2 Ne4xd2
9.Be5xd4 Nd2b3
10.Bd4c3 Nb3xc1
11.Bc3xa5 Nc1xd3
12.cxd3 Nb8c6
13.Ba5c3 d5
14.d4 Bc8f5
15.Ng1f3 Bf8d6
16.O-O O-O
17.a3 h6
18.Rf1e1 Rf8e8
19.Ra1c1 g5
20.h3 Bf5g6
21.Nf3d2 f5
22.b4 a6
23.Nd2b3 b6
24.Bc3d2 Re8c8
25.Rc1c3 Nc6e7
26.Re1c1 Bg6e8
27.f4 Rc8xc3
28.Bd2xc3 gxf4
29.Bc3d2 fxe3
30.Bd2xe3 f4
31.Be3f2 Ne7f5
32.Rc1e1 Ra8c8
33.Re1e6 Kf7
34.Re6e1 Rc8c3
35.Re1b1 Rc3d3
36.Kf1 f3
37.g4 Nf5g3
38.Ke1 Be8a4
39.Nb3c1 Rd3d1
{ resign }
0-1

[Event "Tourn. n9535"]
[Site "www.chess-mail.com"]
[Date "2017.10.26"]
[Round "1"]
[White "Faerieking"]
[Black "Fantomas"]
[WhiteElo "2250"]
[BlackElo "2190"]
[Result "0-1"]
[Round "1"]
1.e4 c5
2.Ng1f3 d6
3.d4 cxd4
4.Nf3xd4 Nb8c6
5.Nb1c3 Ng8f6
6.Bf1c4 Bc8d7
7.O-O g6
8.Bc1g5 Bf8g7
9.Nd4b3 O-O
10.Kh1 Nc6e5
11.Bc4e2 h6
12.Bg5xf6 Bg7xf6
13.Nc3d5 Bf6g7
14.f4 Ne5c6
15.c3 Rf8e8
16.Qd1d2 Qd8c8
17.Ra1e1 Bg7f8
18.Be2d1 Kg7
19.h3 e6
20.Nd5e3 b5
21.a3 Bf8e7
22.Bd1f3 Ra8b8
23.f5 Nc6e5
24.Bf3d1 Ne5c4
25.Qd2c2 Nc4xe3
26.Re1xe3 exf5
27.exf5 Bd7xf5
28.Qc2e2 Be7f6
29.Re3xe8 Qc8xe8
30.Qe2f2 Qe8e7
31.Bd1c2 Bf5e6
32.Nb3d4 Be6d7
33.Bc2b3 Rb8f8
34.Bb3d5 a6
35.Rf1e1 Bf6e5
36.Bd5b7 Bd7c8
37.Bb7c6 Bc8b7
38.Bc6xb7 Qe7xb7
39.Re1f1 Qb7d7
40.g4 f6
41.Qf2f3 Rf8f7
42.Qf3d5 Qd7b7
43.Qd5xb7 Rf7xb7
44.Nd4c6 g5
45.Kg2 Rb7c7
46.Nc6xe5 fxe5
47.Kf3 Rc7f7
48.Ke2 Rf7xf1
49.Kxf1 Kf6
50.Ke2 Ke6
51.b3 d5
{ resign }
0-1

[Event "Tourn. n9541"]
[Site "www.chess-mail.com"]
[Date "2017.10.26"]
[Round "1"]
[White "Nulladies"]
[Black "Prize64"]
[WhiteElo "1930"]
[BlackElo "1860"]
[Result "0-1"]
[Round "1"]
1.d4 Ng8f6
2.Bc1f4 g6
3.e3 Bf8g7
4.c3 d6
5.Ng1f3 O-O
6.Nb1d2 Bc8g4
7.h3 Bg4xf3
8.Nd2xf3 Nb8d7
9.Bf1d3 Rf8e8
10.O-O e5
11.Bf4g5 e4
12.Bd3e2 exf3
13.Be2xf3 c6
14.Qd1b3 Qd8b6
15.e4 Qb6xb3
16.axb3 Nf6xe4
17.Bf3xe4 Re8xe4
18.f3 Re4e2
19.Rf1f2 Ra8e8
20.Ra1xa7 Re2xf2
21.Kxf2 Re8b8
22.Bg5e7 Bg7f8
23.Be7g5 d5
24.Bg5f4 Rb8e8
25.Ra7xb7 Nd7f6
26.Rb7c7 Re8e6
27.c4 Nf6h5
28.Rc7c8 Nh5xf4
29.c5 Nf4d3
30.Kg3 Nd3xb2
31.Kf2 Kg7
32.Rc8a8 Bf8e7
{ resign }
0-1